000 00437nam a22001817a 4500
003 OSt
005 20250718130138.0
008 250718b |||||||| |||| 00| 0 eng d
020 _a9789387436916
082 _a954.035
_bAMPA
100 _aAmbedkar, B.R.
245 _aPakistan or the partition of india
260 _aNew Delhi
_bNation press
300 _a481p.
546 _aEnglish
651 _aHistory ,India
942 _2ddc
_cBK
999 _c3830
_d3830